000 01335cam a22003255i 4500
999 _c27846
_d27817
001 16616096
003 EG-ScBUE
005 20191215133840.0
008 110120s2014 enka f bf 001 0 eng d
020 _a9780415709811 (pbk)
040 _aDLC
_beng
_erda
_cDLC
_dDLC
_dEG-ScBUE
082 0 4 _a401.93
_bROU
_222
245 0 4 _aThe Routledge handbook of second language acquisition /
_cedited by Susan M. Gass, Alison Mackey.
246 3 0 _aSecond language acquisition
264 1 _aAbingdon, Oxon ;
_aNew York :
_bRoutledge / Taylor & Francis Group,
_c2014.
300 _axviii, 609 pages :
_billustrations ;
_c26 cm.
336 _atext
_btxt
_2rdacontent
337 _aunmediated
_bn
_2rdamedia
338 _avolume
_bnc
_2rdacarrier
490 0 _aRoutledge handbooks in applied linguistics
504 _aIncludes bibliographical references and index.
520 _aThis handbook brings together 50 leading international figures in the field to produce a state-of-the-art overview of second language acquisition.
650 7 _aSecond language acquisition
_vHandbooks, manuals, etc.
_2BUEsh
650 7 _aLanguage and languages
_vHandbooks, manuals, etc.
_2BUEsh
653 _bHHUUEENN
_cNovember2019
655 _vReading book
700 1 _aGass, Susan M.,
_eeditor.
_939795
700 1 _aMackey, Alison,
_eeditor.
942 _2ddc
_cBB